000 00438nam a2200145Ia 4500
003 GCL
008 140319s9999 xx 000 0 eng d
040 _aGCL /
_cGCL
082 0 4 _a709
_bG A
100 1 _aGARDNER, HELEN
245 1 0 _aART THROUGH THE AGES: AN INTRODUCTION TO IT HISTORY AND SIGNIFICANCE /
_cGARDNER, HELEN
260 _a[S.N] :
_bHARCOURT BRACE & COMPANY,PUBLISHERS ،
_c1936
650 0 4 _aARTS, HISTORY
942 _2ddc
_cBK
999 _c19504
_d19504